Online
Catalog

Análisis cuantitativo para la toma de decisiones / (Record no. 39461)

MARC details
000 -CABECERA
campo de control de longitud fija 00703nam a2200205 a 4500
001 - NÚMERO DE CONTROL
campo de control 000039971
005 - FECHA Y HORA DE LA ÚLTIMA TRANSACCIÓN
campo de control 20201002033835.0
008 - DATOS DE LONGITUD FIJA--INFORMACIÓN GENERAL
campo de control de longitud fija 130801s1997 mx d 000 0 spa d
020 ## - NÚMERO INTERNACIONAL ESTÁNDAR DEL LIBRO
Número Internacional Estándar del Libro 9701016904
040 ## - FUENTE DE LA CATALOGACIÓN
Centro catalogador/agencia de origen DO-SdBNP
Lengua de catalogación spa
Centro/agencia transcriptor BNPHU
082 ## - NÚMERO DE LA CLASIFICACIÓN DECIMAL DEWEY
Número de clasificación xxx
100 1# - ENTRADA PRINCIPAL--NOMBRE DE PERSONA
Nombre de persona Bierman Jr., Harold
9 (RLIN) 52526
245 10 - MENCIÓN DE TÍTULO
Título Análisis cuantitativo para la toma de decisiones /
Mención de responsabilidad, etc. Harold Bierman, Charles P. Bonini, Warren H. Hausman; versión en español Ernesto Morales Peake.
250 ## - MENCIÓN DE EDICIÓN
Mención de edición 8a ed.
260 ## - PUBLICACIÓN, DISTRIBUCIÓN, ETC.
Lugar de publicación, distribución, etc. México :
Nombre del editor, distribuidor, etc. McGraw-Hill,
Fecha de publicación, distribución, etc. 1997.
300 ## - DESCRIPCIÓN FÍSICA
Extensión 756 p. :
Otras características físicas diagrs, ;
Dimensiones 24 cm.
700 1# - PUNTO DE ACCESO ADICIONAL--NOMBRE DE PERSONA
Nombre de persona Bonini, Charles P.
9 (RLIN) 66187
700 1# - PUNTO DE ACCESO ADICIONAL--NOMBRE DE PERSONA
Nombre de persona Hausman, Warren H.
9 (RLIN) 66188
700 1# - PUNTO DE ACCESO ADICIONAL--NOMBRE DE PERSONA
Nombre de persona Morales Peake, Ernesto,
Término indicativo de función/relación tr.
9 (RLIN) 44851
Holdings
Estado de retiro Estado de pérdida Restricciones de uso No para préstamo Código de colección Localización permanente Ubicación/localización actual Ubicación en estantería Fecha de adquisición Número de inventario Total de préstamos Signatura topográfica completa Código de barras Fecha visto por última vez Precio válido a partir de Tipo de ítem Koha
      Excluido de préstamo Monografías: Libros y Folletos General General En catalogación 01.08.2013 LF1   xxx 39971-10 25.06.2020 25.06.2020 No se presta

Powered by Koha